000 00663nam a2200169 a 4500
001 000036323
005 20200930075652.0
008 120113s1968 ho a 000 0 spa d
040 _aDO-SdBNP
_bspa
_cBNPHU
100 1 _aJirón, Yanuario
_962479
245 1 0 _aApuntamientos biográficos del señor presbítero doctor don José Trinidad Reyes /
_cYanuario Jirón ; compilación y notas Juan Valladares Rodríguez.
260 _aHonduras :
_bUniversidad Nacional Autónoma de Honduras,
_c1968.
300 _a121 p. :
_bil. ;
_c21 cm.
600 1 4 _aREYES, JOSÉ TRINIDAD
_962480
600 1 4 _aREYES, PABLO
_937953
700 1 _aValladares Rodríguez, Juan,
_ecomp.
_962481
999 _c35814
_d35814